| 000 | 00449cam a22001457a 4500 | ||
|---|---|---|---|
| 008 | 180718b1990 xxu||||| |||| 00| 0 eng d | ||
| 082 | _aV431x5422 P212 CRS | ||
| 100 | _aParanjapye, V. | ||
| 245 |
_aHigh dams on the Narmada: a holistic analysis of the river valley projects _cby V. Paranjapye |
||
| 260 |
_aDelhi _bINTACH _c1990 |
||
| 300 | _a320p. | ||
| 650 | _aRivers - Projects - India | ||
| 650 | _aNarmada Dam - India | ||
| 650 | _aDams - India | ||
| 999 |
_c351506 _d351506 |
||